00514nam a22001697a 450000500170000001000150001702000270003203500130005903700130007208200160008510000200010124500740012126000350019527000550023030000190028550000400030420160111133447.0 aENG-114390 a9788192174341c1050.00 aEN-97922 bDBAD/PUB a371.8220954 aBarve, Rajlaxmi aEmpowerment of women through technical education /cby Rajlaxmi Barve aJaipurbManas Publishersc2012 a91, Bhagwati Nagar 2nd, KartarpurabJaipure302006 a352pc23cm(Hb) aIncludes bibliographical references